000 00288nam a22001217a 4500
999 _c528129
_d528129
003 NUST
038 _aM.Ramzan
082 _a363.0684
_bTWB
245 _aTool Kit :A guide for hiring and../
_cThe World Bank
260 _aUSA
_bThe World Bank
_c2001
300 _a16
_c25cm
942 _2ddc
_cBK